Monopoly by Boardwalk: Cartoons Quiz Stats

 Plays Quiz not verified by Sporcle

Score 0/18 Timer 03:00
0 Plays Today
% Correct
Spongebob Squarepants
93.6%
Looney Tunes
86.2%
South Park
84%
The Simpsons
83%
Star Wars: Clone Wars
83%
Dragon Ball Z
81.9%
Futurama
72.3%
Adventure Time
60.6%
Yu-Gi-Oh
60.6%
% Correct
Rugrats
59.6%
Phineas and Ferb
51.1%
Scooby-Doo
51.1%
Sailor Moon
51.1%
Ren & Stimpy
51.1%
Rick and Morty
50%
Family Guy
44.7%
Bob's Burgers
29.8%
Steven Universe
29.8%

You're not logged in!

Compare scores with friends on all Sporcle quizzes.
OR
Log In

You Might Also Like...

Show Comments

Extras

Top Quizzes Today


Score Distribution

Your Account Isn't Verified!

In order to create a playlist on Sporcle, you need to verify the email address you used during registration. Go to your Sporcle Settings to finish the process.

Report this User

Report this user for behavior that violates our Community Guidelines.

Details: